Statistics for FIFA World Cup Opening Games

Click here to take the quiz!

General Stats

  • This quiz has been taken 55 times
  • The average score is 20 of 28

Answer Stats

HintAnswer% Correct
WBrazil
98%
WBrazil
98%
WBrazil
98%
WItaly
98%
WFrance
96%
WGermany
96%
WGermany
96%
WEngland
94%
QFRussia
94%
WArgentina
92%
WArgentina
92%
GSSouth Africa
86%
QFMexico
82%
QFMexico
82%
WUruguay
78%
FCroatia
76%
SFBelgium
66%
R16Saudi Arabia
64%
QFSenegal
60%
SFPoland
58%
QFCosta Rica
54%
SFYugoslavia
54%
GSScotland
52%
WWest Germany
52%
QFCameroon
46%
SFSoviet Uinion
34%
SFBulgaria
28%
GSBolivia
16%

Score Distribution

Percentile by Number Answered

Percent of People with Each Score

Your Score History

You have not taken this quiz